शिवसेनाप्रमुख (Record no. 980004)

MARC details
000 -LEADER
fixed length control field 00357nam a2200121Ia 4500
008 - FIXED-LENGTH DATA ELEMENTS--GENERAL INFORMATION
fixed length control field 151001s9999||||xx |||||||||||||| ||und||
100 ## - MAIN ENTRY--PERSONAL NAME
Personal name नंदकुमार टेणी
245 ## - TITLE STATEMENT
Title शिवसेनाप्रमुख
250 ## - EDITION STATEMENT
Edition statement 1
260 ## - PUBLICATION, DISTRIBUTION, ETC. (IMPRINT)
Name of publisher, distributor, etc आविस्कार पब्लिशर्स
300 ## - PHYSICAL DESCRIPTION
Extent 216
365 ## - TRADE PRICE
Price amount 22

No items available.